Fundamental Managerial Accounting Concepts (Record no. 3622)

MARC details
005 - DATE AND TIME OF LATEST TRANSACTION
control field 20250613103947.0
020 ## - INTERNATIONAL STANDARD BOOK NUMBER
International Standard Book Number 978-0-07-336743-9
082 ## - DEWEY DECIMAL CLASSIFICATION NUMBER
Classification number 658.151EDM
100 ## - MAIN ENTRY--PERSONAL NAME
Author name EDMONDS, P. T.
245 ## - TITLE STATEMENT
Title Fundamental Managerial Accounting Concepts
250 ## - EDITION STATEMENT
Edition statement 4th Ed.
260 ## - PUBLICATION, DISTRIBUTION, ETC.
Place of publication, distribution, etc. Boston,
Name of publisher, distributor, etc. McGraw-Hill Irwin,
Date of publication, distribution, etc. 2008.
300 ## - PHYSICAL DESCRIPTION
Extent xxiii, 685p.
Other physical details Glossary and Index
Dimensions 27 cm
700 ## - ADDED ENTRY--PERSONAL NAME
Other authors/Editors Bor-Yi Tsay
700 ## - ADDED ENTRY--PERSONAL NAME
Other authors/Editors Phili R. Olds
942 ## - ADDED ENTRY ELEMENTS (KOHA)
Source of classification or shelving scheme Dewey Decimal Classification
Koha item type Books
Holdings
Date last seen Total checkouts Full call number Barcode Cost, replacement price Price effective from Koha item type Lost status Source of classification or shelving scheme Damaged status Not for loan Withdrawn status Home library Current library Date acquired Source of acquisition Cost, normal purchase price
06/10/2025   658.151 EDM MZA000562 150000.00 06/10/2025 Books   Dewey Decimal Classification       CBE Mwanza CBE Mwanza 07/01/2007 Library Budget 50000.00
06/10/2025   658.151 EDM MZA000563 150000.00 06/10/2025 Books   Dewey Decimal Classification       CBE Mwanza CBE Mwanza 07/01/2007 Library Budget 50000.00
06/10/2025   658.151 EDM MZA000564 150000.00 06/10/2025 Books   Dewey Decimal Classification       CBE Mwanza CBE Mwanza 07/01/2007 Library Budget 50000.00
06/10/2025   658.151 EDM MZA000565 150000.00 06/10/2025 Books   Dewey Decimal Classification       CBE Mwanza CBE Mwanza 07/01/2007 Library Budget 50000.00
06/10/2025   658.151 EDM MZA000566 150000.00 06/10/2025 Books   Dewey Decimal Classification       CBE Mwanza CBE Mwanza 07/01/2007 Library Budget 50000.00
06/10/2025   658.151 EDM MZA000567 150000.00 06/10/2025 Books   Dewey Decimal Classification       CBE Mwanza CBE Mwanza 07/01/2007 Library Budget 50000.00
06/10/2025   658.151 EDM MZA000568 150000.00 06/10/2025 Books   Dewey Decimal Classification       CBE Mwanza CBE Mwanza 07/01/2007 Library Budget 50000.00
06/10/2025   658.151 EDM MZA000569 150000.00 06/10/2025 Books   Dewey Decimal Classification       CBE Mwanza CBE Mwanza 07/01/2007 Library Budget 50000.00
06/10/2025   658.151 EDM MZA000570 150000.00 06/10/2025 Books   Dewey Decimal Classification       CBE Mwanza CBE Mwanza 07/01/2007 Library Budget 50000.00
06/10/2025   658.151 EDM MZA000571 150000.00 06/10/2025 Books   Dewey Decimal Classification       CBE Mwanza CBE Mwanza 07/01/2007 Library Budget 50000.00